Il movimento di Gallarate (Record no. 71797)

MARC details
000 -LEADER
campo de control de longitud fija 00459nam a2200157 i 4500
001 - NÚMERO DE CONTROL
campo de control 71797
003 - IDENTIFICADOR DE NÚMERO DE CONTROL
campo de control ES-MaACL
005 - FECHA Y HORA DE LA ÚLTIMA TRANSACCIÓN
campo de control 20230906171230.0
007 - CAMPO FIJO DE DESCRIPCIÓN FÍSICA--INFORMACIÓN GENERAL
campo de control de longitud fija t|
008 - DATOS DE LONGITUD FIJA--INFORMACIÓN GENERAL
campo de control de longitud fija 040818s1955 it ||||1| ita d
100 1# - ENTRADA PRINCIPAL--NOMBRE DE PERSONA
Nombre de persona Giacon, Carlo.
9 (RLIN) 56599
245 13 - MENCIÓN DEL TÍTULO
Título Il movimento di Gallarate
Resto del título : i dicci convegni dal 1945 al 1954 /
Mención de responsabilidad, etc. Carlo Giacon.
260 ## - PUBLICACIÓN, DISTRIBUCIÓN, ETC.
Lugar de publicación, distribución, etc. Padova :
Nombre del editor, distribuidor, etc. Cedam,
Fecha de publicación, distribución, etc. 1955 (
Fabricante Garaugola)
300 ## - DESCRIPCIÓN FÍSICA
Extensión 219 p. ;
Dimensiones 23 cm.
852 ## - LOCALIZACIÓN
Ubicación ES-MaACL
Número de control de estantería C-15812
Sublocalización o colección R.43437
Holdings
Estatus retirado Estado de pérdida Estado de daño No para préstamo Biblioteca de origen Biblioteca actual Ubicación en estantería Fecha de adquisición Fuente de adquisición Total de préstamos Signatura topográfica completa Código de barras Visto por última vez Precio de reemplazo Tipo de ítem Koha
        Biblioteca del Ateneo de Madrid Biblioteca del Ateneo de Madrid Ficheros 17/01/2008     C-15812 1075163 23/02/2023 23/02/2023 Libro impreso